Normal view
MARC view
- Altma,Barbara M. editor
Entry Personal Name
001 - CONTROL NUMBER
- control field: 38365
003 - CONTROL NUMBER IDENTIFIER
- control field: OSt
005 - DATE AND TIME OF LATEST TRANSACTION
- control field: 20190417114947.0
008 - FIXED-LENGTH DATA ELEMENTS
- fixed length control field: 190417|| aca||aabn | a|a d
040 ## - CATALOGING SOURCE
- Original cataloging agency: OSt
- Transcribing agency: OSt
100 ## - HEADING--PERSONAL NAME
- Personal name: Altma,Barbara M. editor
670 ## - SOURCE DATA FOUND
- Source citation: Work cat.: (OSt): Barnartt,Sharon N. editor 38361, Disability and intersecting statuses /, ©2013.
